| 000 | 00646nam a22001697a 4500 | ||
|---|---|---|---|
| 999 |
_c61210 _d61210 |
||
| 005 | 20240108153325.0 | ||
| 008 | 240108s1192 ru ||||| |||| 00| 0 rus d | ||
| 041 | _arus | ||
| 080 | _a1(492) X-35 | ||
| 100 |
_aХейзинга, Йохан _920957 |
||
| 245 |
_a "Homo Ludens. В тени завтрашнего дня" / _cПер. с нидерладского и примечания В.В. Ошиса. |
||
| 264 |
_aМосква : _bПрогресс, _c1992. |
||
| 300 |
_a464 с. _b21 см. |
||
| 653 | _aფილოსოფია | ||
| 700 |
_aОшиса, В.В. _eმთარგმნელი _920958 |
||
| 942 |
_2udc _cᲬᲘᲒᲜᲘ |
||